| 000 | 01084nam a2200265 a 4500 | ||
|---|---|---|---|
| 001 | BRCA_9147 | ||
| 005 | 20190320210534.0 | ||
| 008 | 220618s2016----u--a######---#000-0#eng-# | ||
| 020 | _a9780300217841 | ||
| 041 | _aeng | ||
| 044 | _au | ||
| 050 | 4 |
_aNK2435.R4 _b.K36 2016 |
|
| 100 | 1 |
_aKane, Patricia E. _91780 |
|
| 245 | 1 | 0 |
_aArt & industry in early America _bRhode Island furniture, 1650-1830 _cPatricia E. Kane ; with Dennis Carr … [et al.]. |
| 260 |
_aNew Haven, Connecticut _bYale University Art Gallery _c2016 |
||
| 300 |
_axiii, 494 p. _bil. (algunas a color), mapas _c31 cm. |
||
| 500 | _aIncluye índice alfabético | ||
| 500 | _aPublished in conjunction with the exhibition Art and Industry ..., organized by the Yale University Gallery, August 19, 2016 -January 8, 2017 | ||
| 500 | _a2do. ejemplar en el Área de Investigación | ||
| 504 | _aBibliografía : p. 456-477 | ||
| 650 | 1 | 4 |
_aMuebles _vExposiciones _zRhode Island _922551 |
| 650 | 1 | 4 |
_aMueble _vExposiciones _xHistoria _ySiglo XVII-XIX _zRhode Island _922552 |
| 700 | 1 |
_aCarr, Dennis _919007 |
|
| 942 |
_2lcc _cB |
||
| 999 |
_c8794 _d8794 |
||